000 00384nam a22001697a 4500
005 20260407163530.0
008 160628b xxu||||| |||| 00| 0 eng d
020 _a81-7606-060-7
041 _aeng
082 _a823.8
100 _aDickens, Charles
_92949
245 _aSelected Stories
260 _bProjapots Classics
300 _a384
650 _aenglish
_98927
942 _cBK
999 _c4429
_d4428